Tobie Nathan, Nous ne sommes pas seuls au monde, préface d’Isabelle Stengers, Le laboratoire de l’ethnopsychiatrie, Paris, Le Seuil - Les Empêcheurs de penser en rond, 2001, 320 p., 16,77 E. (notice n° 1660933)
[ vue normale ]
| 000 -LEADER | |
|---|---|
| fixed length control field | 00659cam a2200145 4500500 |
| 005 - DATE AND TIME OF LATEST TRANSACTION | |
| control field | 20260208020458.0 |
| 041 ## - LANGUAGE CODE | |
| Language code of text/sound track or separate title | fre |
| 042 ## - AUTHENTICATION CODE | |
| Authentication code | dc |
| 100 10 - MAIN ENTRY--PERSONAL NAME | |
| Personal name | Gabaude, Jean-Marc |
| Relator term | author |
| 245 00 - TITLE STATEMENT | |
| Title | Tobie Nathan, Nous ne sommes pas seuls au monde, préface d’Isabelle Stengers, Le laboratoire de l’ethnopsychiatrie, Paris, Le Seuil - Les Empêcheurs de penser en rond, 2001, 320 p., 16,77 E. |
| 260 ## - PUBLICATION, DISTRIBUTION, ETC. | |
| Date of publication, distribution, etc. | 2004.<br/> |
| 500 ## - GENERAL NOTE | |
| General note | 43 |
| 786 0# - DATA SOURCE ENTRY | |
| Note | Revue philosophique de la France et de l'étranger | 129 | 1 | 2004-03-01 | p. 77zi-138zi | 0035-3833 |
| 856 41 - ELECTRONIC LOCATION AND ACCESS | |
| Uniform Resource Identifier | <a href="https://shs.cairn.info/revue-philosophique-2004-1-page-77zi?lang=fr&redirect-ssocas=7080">https://shs.cairn.info/revue-philosophique-2004-1-page-77zi?lang=fr&redirect-ssocas=7080</a> |
Pas d'exemplaire disponible.




Réseaux sociaux